Junie B. Jones smells something fishy / (Record no. 5912)

MARC details
000 -LEADER
fixed length control field 01283pam a2200373 a 4500
001 - CONTROL NUMBER
control field 5912
003 - CONTROL NUMBER IDENTIFIER
control field FISKH
005 - DATE AND TIME OF LATEST TRANSACTION
control field 20260311082248.0
008 - FIXED-LENGTH DATA ELEMENTS--GENERAL INFORMATION
fixed length control field 980611s1998 nyua b 000 1 eng
010 ## - LIBRARY OF CONGRESS CONTROL NUMBER
LC control number 98028176
020 ## - INTERNATIONAL STANDARD BOOK NUMBER
International Standard Book Number 0679991301 (lib. bdg.)
020 ## - INTERNATIONAL STANDARD BOOK NUMBER
International Standard Book Number 0679891307 (pbk.)
020 ## - INTERNATIONAL STANDARD BOOK NUMBER
International Standard Book Number 0439099749
040 ## - CATALOGING SOURCE
Original cataloging agency DLC
Transcribing agency DLC
Modifying agency DLC
Language of cataloging eng
050 ## - LIBRARY OF CONGRESS CALL NUMBER
Classification number PZ7.P2197 J
082 ## - DEWEY DECIMAL CLASSIFICATION NUMBER
Classification number 813.54
100 1# - MAIN ENTRY--PERSONAL NAME
Personal name Park, Barbara.
Dates associated with a name (1947–2013)
245 10 - TITLE STATEMENT
Title Junie B. Jones smells something fishy /
Statement of responsibility, etc. by Barbara Park ; illustrated by Denise Brunkus.
250 ## - EDITION STATEMENT
Edition statement This edition first published in 1999
260 ## - PUBLICATION, DISTRIBUTION, ETC.
Place of publication, distribution, etc. New York :
Name of publisher, distributor, etc. Scholastic,
Date of publication, distribution, etc. 1998.
300 ## - PHYSICAL DESCRIPTION
Extent 66 pages :
Other physical details illustrations ;
Dimensions 19 cm.
490 1# - SERIES STATEMENT
Series statement The Junie B. Jones series ;
Volume/sequential designation #12
505 ## - FORMATTED CONTENTS NOTE
Formatted contents note L<br/>
520 ## - SUMMARY, ETC.
Summary, etc. Frustrated because the rules for her class's Pet Day will not let her take her dog to school, Junie B. Jones considers taking a raccoon, a worm, a dead fish, and other unusual replacements.
521 ## - TARGET AUDIENCE NOTE
Target audience note 510<br/>
Source Lexile<br/>
521 ## - TARGET AUDIENCE NOTE
Target audience note L<br/>
Source Raz-Plus<br/>
650 #1 - SUBJECT ADDED ENTRY--TOPICAL TERM
Topical term or geographic name entry element Pets
General subdivision Fiction.
650 #1 - SUBJECT ADDED ENTRY--TOPICAL TERM
Topical term or geographic name entry element Kindergarten
General subdivision Fiction.
650 #1 - SUBJECT ADDED ENTRY--TOPICAL TERM
Topical term or geographic name entry element Schools
General subdivision Fiction.
700 1# - ADDED ENTRY--PERSONAL NAME
Personal name Brunkus, Denise
Relator term illustrator
906 ## - LOCAL DATA ELEMENT F, LDF (RLIN)
a 7
b cbc
c orignew
d 1
e ocip
f 19
g y-gencatlg
942 ## - ADDED ENTRY ELEMENTS (KOHA)
Source of classification or shelving scheme Dewey Decimal Classification
Koha item type Books
Suppress in OPAC No
Holdings
Withdrawn status Lost status Source of classification or shelving scheme Damaged status Not for loan Collection Home library Current library Shelving location Date acquired Total Checkouts Full call number Barcode Date last seen Date last checked out Copy number Price effective from Koha item type
    Dewey Decimal Classification     Juvenile Fiction Footprints International School Library Network Toul Tom Poung Campus Footprints International School Library Network Toul Tom Poung Campus TTP Primary Yellow Bookshelves 02/05/2025 1 PAR 813.54 PZ7.P2197 J 2025-0405 03/11/2026 02/25/2026 1 02/05/2025 Books
    Dewey Decimal Classification     Juvenile Fiction Footprints International School Library Network Toul Tom Poung Campus Footprints International School Library Network Toul Tom Poung Campus TTP Primary Yellow Bookshelves 02/05/2025 1 PAR 813.54 PZ7.P2197 J 2025-0406 09/05/2025 09/05/2025 2 02/05/2025 Books
    Dewey Decimal Classification     Juvenile Fiction Footprints International School Library Network Toul Tom Poung Campus Footprints International School Library Network Toul Tom Poung Campus TTP Primary Yellow Bookshelves 04/25/2025   PAR 813.54 PZ7.P2197 J 2025-1119 04/25/2025   3 04/25/2025 Books